| 000 | 005440000a22001810004500 | ||
|---|---|---|---|
| 003 | MACL | ||
| 005 | 20160504130037.0 | ||
| 008 | 160504b xxu||||| |||| 00| 0 eng d | ||
| 040 |
_aMACL _cMACL |
||
| 041 | _aHindi | ||
| 082 | _a800 MAL | ||
| 100 |
_aमलैया, सुधा _948094 |
||
| 245 |
_aस्त्री है देश _cसुधा मलैया |
||
| 260 |
_bवसुधा पब्लिशिंग _c2002 _aभोपाल |
||
| 350 | _a350 | ||
| 650 |
_aLiterature _955123 |
||
| 942 |
_cHIN _k800/MAL/L _2ddc |
||
| 999 |
_c19297 _d19297 |
||